Extrapair paternity in an insular population of house sparrows after the experimental introduction of individuals from the mainland /

Shranjeno v:
Bibliografske podrobnosti
Glavni avtor: Ockendon, Nancy.
Drugi avtorji: Burke, Terry., Griffith, Simon C.
Format: Bài viết
Jezik:English
Teme:
Oznake: Označite
Brez oznak, prvi označite!
Thư viện lưu trữ: Thư viện Trường Đại học Đà Lạt
LEADER 01019nam a2200313 4500
001 DLU090078384
005 ##20090619
040 # # |a DLU  |b eng 
041 # # |a eng 
044 # # |a UK 
100 # # |a Ockendon, Nancy.  
245 # # |a Extrapair paternity in an insular population of house sparrows after the experimental introduction of individuals from the mainland /  |c Nancy Ockendon, Simon C. Griffith, Terry Burke. 
653 # # |a Extrapair paternity 
653 # # |a Genetic variation 
653 # # |a Introduction experiment 
653 # # |a Island population 
653 # # |a Passer domesticus 
700 # # |a Burke, Terry.  
700 # # |a Griffith, Simon C.  
773 # # |t Behavioral Ecology  |g Vol. 20, no. 2 (March-April 2009), p. 305-312 
920 # # |a Phòng Tạp chí -- Trung tâm Thông tin - Thư viện Trường Đại học Đà Lạt 
994 # # |a DLU 
900 # # |a True 
911 # # |a Trương Bảo Trâm Anh 
925 # # |a G 
926 # # |a A 
927 # # |a BB 
980 # # |a Thư viện Trường Đại học Đà Lạt